Risultati dell'Italia agli Europei - Polonia-Ucraina 2012 - Statistics

Statistiche generali
  • Questo quiz è stato fatto 15 volte
  • Il punteggio medio è 4 su 6
Statistiche sulle risposte
Hint Risposta % Corretto
Inghilterra - Italia 2-4 (d.c.r.) (0-0)
83%
Spagna - Italia 1-1
75%
Italia - Croazia 1-1
67%
Italia - Irlanda 2-0
67%
Spagna - Italia 4-0
67%
Germania - Italia 1-2
42%
Nessun quiz corrispondente trovato
Distribuzione punteggi
Percentuale di utenti per punteggio
Percentile per numero di risposta
I tuoi punteggi nel tempo
Non hai fatto questo quiz